000
00278nam a2200109Ia 4500
005
20251222154405.0
008
251222s9999||||xx |||||||||||||| ||spa||
082
_a
868.36/Q37
100
_a
"Quevedo, Francisco de "
245
0
_a
La vida del buscon llamado Don Pablo
942
_c
LIB
999
_c
35449
_d
35449